Normal view
MARC view
- Iloyd P. Hunter
Entry Personal Name
001 - CONTROL NUMBER
- control field: 113793
003 - CONTROL NUMBER IDENTIFIER
- control field: NUST
005 - DATE AND TIME OF LATEST TRANSACTION
- control field: 20230725090731.0
008 - FIXED-LENGTH DATA ELEMENTS
- fixed length control field: 230725|| aca||aabn | a|a d
040 ## - CATALOGING SOURCE
- Original cataloging agency: NUST
- Transcribing agency: NUST
100 ## - HEADING--PERSONAL NAME
- Personal name: Iloyd P. Hunter
670 ## - SOURCE DATA FOUND
- Source citation: Work cat.: (NUST)182202: Iloyd P. Hunter, Handbook of semiconductor electronics / , 1962
